Rembrandt
Guardat en:
| Autor principal: | |
|---|---|
| Format: | Llibre |
| Idioma: | francès |
| Publicat: |
Milán
SCODE
1980
|
| Col·lecció: | Les Petits Classiques de l'Art Flammarion
|
| Matèries: | |
| Etiquetes: |
Afegir etiqueta
Sense etiquetes, Sigues el primer a etiquetar aquest registre!
|
MARC
| LEADER | 00000cam a2200000 a 4500 | ||
|---|---|---|---|
| 001 | UCF8944 | ||
| 003 | CL-VaPUC | ||
| 008 | 131011e19800000it |||||||||||||||||fre|d | ||
| 082 | 0 | 4 | |a 759.492 |b PUP |2 21 |
| 100 | 0 | |a Puppi, Lionello |e author |9 571067 | |
| 245 | 1 | 0 | |a Rembrandt |
| 300 | |a 39 p | ||
| 942 | |c BK | ||
| 945 | |d 20131011 10:45:00 |a dcastane | ||
| 260 | |a Milán |b SCODE |c 1980 | ||
| 600 | 0 | |a Rembrandt, Harmenszoon van Rijn |9 331539 | |
| 650 | 0 | |a Biografías |9 255210 | |
| 650 | 7 | |a PINTORES HOLANDESES |2 CL-VaPUC |9 571068 | |
| 650 | 0 | |a Pintura holandesa |9 267860 | |
| 583 | |a last modification |c 20131011 10:45:00 |k Rodrigo Vera | ||
| 490 | 0 | |a Les Petits Classiques de l'Art Flammarion | |
| 999 | |c 353443 |d 353441 | ||
| 952 | |0 0 |1 0 |3 erb |4 0 |6 759_492000000000000_PUP_1980 |7 0 |8 A |9 458660 |a BIBART |b BIBART |d 2019-11-23 |i 5005914 |o 759.492 PUP 1980 |p 5005914 |r 2025-03-13 |w 2019-11-23 |y BK |z Catalogado en:20131011 |k ART | ||